00622nam a22002177a 450000500170000001000130001702000220003003500130005203700160006504000120008108200170009310000170011024500610012725000150018826000470020327000470025030000260029750000200032365000430034365000180038620170124110017.0 aA-412605 c00.00a8171002005 aA-412605 aCen Lib/Ret aDPLbEN a346.016bDIW aDiwan, Paras aDowry and protection to married women /cby Paras Diwan  a2nd rev ed aNew DelhibDeep & deep publications c1990 aD-1/24, Rajouri garden bNew Delhie110027 aviii,372p. c22cm(Hb) aIncludes index  aMarried women--Legal status, laws, etc aMarried women